000 01948cam a22003614a 4500
001 13765439
003 ARRUPE
005 20140121141148.0
008 041029s2005 enk b 001 0 eng
010 _a 2004062841
020 _a0521819539 (hardback)
020 _a052152556X (pb.)
035 _a(OCoLC)ocm56942182
040 _aDLC
_cDLC
_dOCLCQ
_dC#P
_dBAKER
_dPMC
_dIXA
_dDLC
042 _apcc
050 0 0 _aB785.M74
_bC36 2005
082 0 0 _a194
_222
245 0 4 _aThe Cambridge companion to Montaigne /
_cedited by Ullrich Langer.
246 3 0 _aCompanion to Montaigne
260 _aCambridge ;
_aNew York :
_bCambridge University Press,
_c2005.
300 _axvii, 247 p. ;
_c24 cm.
504 _aIncludes bibliographical references (p. 229-237) and index.
505 0 _aMontaigne's political and religious context / Ullrich Langer -- Montaigne's legacy / Warren Boutcher -- Montaigne and antiquity : fancies and grotesques / John O'Brien -- The Essays and the new world / Tom Conley -- Justice and the law : on the reverse side of the Essays / André Tournon -- Montaigne and the notion of prudence / Francis Goyet -- Montaigne and the truth of the schools / Ian Maclean -- The investigation of nature / George Hoffmann -- Montaigne and skepticism / Ann Hartle -- Montaigne on moral philosophy and the good life / J.B. Schneewind.
600 1 0 _aMontaigne, Michel de,
_d1533-1592.
_96827
700 1 _aLanger, Ullrich.
_96828
856 4 1 _3Table of contents
_uhttp://www.loc.gov/catdir/toc/cam051/2004062841.html
856 4 2 _3Publisher description
_uhttp://www.loc.gov/catdir/description/cam051/2004062841.html
856 4 2 _3Contributor biographical information
_uhttp://www.loc.gov/catdir/enhancements/fy0732/2004062841-b.html
906 _a7
_bcbc
_corignew
_d1
_eocip
_f20
_gy-gencatlg
942 _2lcc
_cMONOGRAPH
999 _c119617
_d119617